000 00463nam a2200193Ia 4500
008 240510s9999 xx 000 0 und d
020 _a0000890068291
041 _aEng
082 _a005.8
082 _bO66
100 _aOPPLIGER R.
245 0 _aINTERNET AND INTRANET SECURITY
260 _bARTECH : NORWOOD
260 _c1998
300 _a348 p.
650 _acomputer security: data security : INTERNET : intranet
942 _2ddc
942 _cRBK
999 _c26228
_d26228
945 _a1
_bMadushi Gamage
_c1
_dMadushi Gamage